000 00919nam a2200253 i 4500
001 146502
003 ES-MaACL
005 20240326131459.0
007 t|
008 070911s1984 sp ||||1| spa d
020 _a84-00-05668-X
245 0 0 _aTratado de genealogía, heráldica y derecho nobiliario
_b: lecciones pronunciadas /
_cpor Vicente de Cadenas y Vicent... [et al.].
250 _a2ª ed.
260 _aMadrid :
_bHidalguía, Instituto Salazar y Castro,
_c1984.
300 _a375 p. ;
_c26 cm.
500 _aSegundo curso de la Escuela de Genealogía, Heráldica y Nobiliária.
650 0 4 _aGenealogía.
_913045
650 0 7 _aHeráldica
_2embne
_9235652
700 1 _aCadenas y Vicent, Vicente de.
_933391
710 2 _aInstituto Salazar y Castro.
_95230
710 2 _aEscuela de Genealogia, Heráldica y Nobiliaria.
_9157632
852 _aES-MaACL
_jL-9774
_bR.110993
999 _c146502
_d146502